Política e ideología en la teoría marxista: Capitalismo, Fascismo, Populismo

Saved in:
Bibliografiske detaljer
Hovedforfatter: Laclau, Ernesto (Author)
Format: Bog
Sprog:spansk
Udgivet: Madrid Siglo Veintiuno Editores 1978
Udgivelse:1a. ed
Fag:
Tags: Tilføj Tag
Ingen Tags, Vær først til at tagge denne postø!

MARC

LEADER 00000cam a2200000 a 4500
001 UCD6606
003 CL-VaPUC
008 161230e19780000sp |||||||||||||||||spa|d
020 |a 9788432303159 
082 0 4 |a 320.01  |b LAC  |2 21 
100 |a Laclau, Ernesto  |e author  |9 490102 
245 1 0 |a Política e ideología en la teoría marxista: Capitalismo, Fascismo, Populismo 
250 |a 1a. ed 
300 |a 233 p 
942 |c BK 
945 |d 20161230 10:40:00  |a dcastane 
260 |a Madrid  |b Siglo Veintiuno Editores  |c 1978 
650 7 |a FILOSOFIA POLITICA  |2 CL-VaPUC  |9 590436 
650 7 |a MARXISMO  |2 CL-VaPUC  |9 590437 
650 0 |a Fascismo  |9 255687 
650 0 |a Populismo  |9 403172 
583 |a last modification  |c 20161230 10:40:00  |k Rodrigo Vera 
999 |c 366860  |d 366858 
952 |0 0  |1 0  |3 erb  |4 0  |6 320_010000000000000_LAC_1978  |7 0  |8 A  |9 481456  |a FDOPOS  |b FDOPOS  |i 5357705  |o 320.01 LAC 1978  |p 5357705  |r 2025-01-22  |w 2019-11-24  |y BK  |z Catalogado en:20161230  |k MLH